000
00242nam a2200097Ia 4500
005
20251222175817.0
008
251222s9999||||xx |||||||||||||| ||spa||
082
_a
DVD0010/F89/2001
245
0
_a
Día de entrenamiento :Training Day
942
_c
DVD
999
_c
40368
_d
40368